000 00239nam a2200097Ia 4500
001 722448
005 20250826163311.0
008 250824s9999 xx 000 0 und d
245 0 _aNURUN BEŞ DUYUSU
_cSULTAN VELED
260 _bHAYAT YAYINLARI
999 _c722448
_d722448